000 01066pam a2200313 a 4500
999 _c130377
_d130377
001 1070815
003 ARRUPE
005 20200218104103.0
008 910717s1992 maua b 001 0 eng
010 _a 91027225
020 _a0205133436
040 _aDLC
_cDLC
_dDLC
043 _an-us---
050 0 0 _aLB2805
_b.E346 1992
082 0 0 _a371.2
_220
100 _aSergiovanni, Thomas J.
_949560
245 0 0 _aEducational governance and administration /
_cThomas J. Sergiovanni ... [et al.].
250 _a3rd ed.
260 _aBoston :
_bAllyn and Bacon,
_cc1992.
300 _axiv, 432 p. :
_bill. ;
_c25 cm.
504 _aIncludes bibliographical references and index.
650 0 _aSchool management and organization
_zUnited States.
_920801
700 1 _aBurlingame, Martin
_949561
700 1 _aCoombs, Fred S.
_949562
700 1 _aThurston, Paul W.
_949563
906 _a7
_bcbc
_corignew
_d1
_eocip
_f19
_gy-gencatlg
942 _2lcc
_cMONOGRAPH